[Event "BRA-ch U16"]
[Site "Itajai"]
[Date "2017.06.03"]
[Round "5"]
[White "Hille, Willian Henrique"]
[Black "Yoshioka, Hugo"]
[Result "1-0"]
[WhiteElo "2077"]
[BlackElo "1579"]
[PlyCount "69"]
[EventDate "2017.06.01"]
[EventType "swiss"]
[EventRounds "6"]
[EventCountry "BRA"]
[SourceTitle "CBM 179 Extra"]
[Source "ChessBase"]
[SourceDate "2017.08.23"]
[SourceVersion "1"]
[SourceVersionDate "2017.08.23"]
[SourceQuality "1"]

1. d4 Nf6 2. c4 g6 3. f3 d5 4. cxd5 Nxd5 5. e4 Nb6 6. Be3 Bg7 7. Nc3 0-0 8. Qd2 Nc6 9. 0-0-0 f5 10. e5 Kh8 11. f4 e6 12. Nf3 Ne7 13. Kb1 Nbd5 14. Bc4 b6 15. Bf2 Nxc3+ 16. Qxc3 Nd5 17. Qd2 Bb7 18. Rc1 Qd7 19. Ka1 Rac8 20. h4 h6 21. h5 Ne7 22. hxg6 Nxg6 23. Ng5 Bd5 24. Ba6 Rce8 25. Rh2 Kg8 26. Nf3 Qa4 27. Bc4 Bxc4 28. b4 Bd5 29. Rch1 a5 30. b5 Qxb5 31. Rh3 c5 32. Rg3 Kf7 33. Qd1 a4 34. Rxg6 Kxg6 35. Ng5 1-0

[Event "Sao Paulo Karman Cup 9th"]
[Site "Sao Paulo"]
[Date "2016.08.06"]
[Round "4"]
[White "Rodrigues, Leonardo De Miranda"]
[Black "Yoshioka, Hugo"]
[Result "1-0"]
[WhiteElo "2145"]
[BlackElo "1676"]
[PlyCount "39"]
[EventDate "2016.08.05"]
[EventType "swiss"]
[EventRounds "6"]
[EventCountry "BRA"]
[SourceTitle "CBM 174 Extra"]
[Source "ChessBase"]
[SourceDate "2016.10.10"]
[SourceVersion "1"]
[SourceVersionDate "2016.10.10"]
[SourceQuality "1"]

1. e4 d5 2. Nf3 dxe4 3. Ng5 Nf6 4. Bc4 e6 5. Nc3 Be7 6. Ngxe4 0-0 7. d3 Nc6 8. Be3 b6 9. Qf3 Bb7 10. 0-0-0 Rb8 11. Qg3 Bd6 12. Qh3 Ne5 13. Bb3 Ng6 14. g3 Qe7 15. Bg5 Be5 16. d4 Bd6 17. Rhe1 Rfd8 18. f4 Nf8 19. f5 Bc8 20. Nd5 1-0

[Event "BRA-ch U16"]
[Site "Itajai"]
[Date "2016.06.11"]
[Round "5"]
[White "Tanide, Gabriel Masaharu"]
[Black "Yoshioka, Hugo"]
[Result "0-1"]
[WhiteElo "1522"]
[BlackElo "1688"]
[PlyCount "120"]
[EventDate "2016.06.09"]
[EventType "swiss"]
[EventRounds "6"]
[EventCountry "BRA"]
[SourceTitle "CBM 172 Extra"]
[Source "ChessBase"]
[SourceDate "2016.06.21"]
[SourceVersion "1"]
[SourceVersionDate "2016.06.21"]
[SourceQuality "1"]

1. e4 d5 2. exd5 Nf6 3. d4 Nxd5 4. Nf3 g6 5. h3 Bg7 6. Be2 0-0 7. 0-0 Nc6 8. Nc3 Nb6 9. Be3 e5 10. dxe5 Nxe5 11. Qxd8 Rxd8 12. Rad1 Bf5 13. Nd4 Bd7 14. Rd2 Nec4 15. Rd3 Nxb2 16. Rd2 N2c4 17. Rdd1 Nxe3 18. fxe3 c5 19. Ndb5 a6 20. Nc7 Bxc3 21. Nxa8 Rxa8 22. Rd6 Ba5 23. Bc4 Be8 24. Bd5 Nxd5 25. Rxd5 b6 26. Rd6 Bb5 27. Rf4 Re8 28. a4 Be2 29. Kf2 b5 30. Kxe2 Bc7 31. Rff6 Bxd6 32. Rxd6 Re6 33. Rd8+ Kg7 34. axb5 axb5 35. Rb8 b4 36. Rc8 Re5 37. Kd3 Kf6 38. Kc4 Rxe3 39. Rxc5 Re4+ 40. Kd3 Re1 41. Rb5 Rb1 42. c3 b3 43. c4 b2 44. c5 Rd1+ 45. Kc2 b1Q+ 46. Rxb1 Rxb1 47. Kxb1 Ke5 48. Kc2 Kd5 49. c6 Kxc6 50. Kd3 Kd5 51. Ke3 Ke5 52. Kf3 h5 53. g3 Kf5 54. g4+ hxg4+ 55. hxg4+ Kg5 56. Kg3 f6 57. Kf3 Kh4 58. Kf4 g5+ 59. Kf3 Kh3 60. Kf2 Kxg4 0-1

[Event "BRA-ch U16"]
[Site "Itajai"]
[Date "2016.06.10"]
[Round "2"]
[White "Yoshioka, Hugo"]
[Black "Menegatti, Vitor Emanuel"]
[Result "0-1"]
[WhiteElo "1688"]
[BlackElo "1858"]
[PlyCount "75"]
[EventDate "2016.06.09"]
[EventType "swiss"]
[EventRounds "6"]
[EventCountry "BRA"]
[SourceTitle "CBM 172 Extra"]
[Source "ChessBase"]
[SourceDate "2016.06.21"]
[SourceVersion "1"]
[SourceVersionDate "2016.06.21"]
[SourceQuality "1"]

1. d4 Nf6 2. c4 e6 3. Nc3 c5 4. d5 exd5 5. cxd5 d6 6. e4 g6 7. f4 Nfd7 8. Nf3 Bg7 9. a4 0-0 10. Bd3 Na6 11. 0-0 Nc7 12. Bc2 a6 13. Re1 Re8 14. e5 Nb6 15. a5 Nd7 16. exd6 Nb5 17. Nxb5 axb5 18. f5 Nf6 19. fxg6 hxg6 20. Rxe8+ Nxe8 21. Qe2 Nxd6 22. Bf4 b4 23. Be5 Qe7 24. Re1 Rxa5 25. Bxd6 Qxd6 26. Qe8+ Qf8 27. d6 Be6 28. d7 Ra8 29. Qxf8+ Kxf8 30. Ba4 Bf6 31. b3 Rd8 32. Rc1 b6 33. Rd1 Ke7 34. Kf2 Bxd7 35. Bxd7 Rxd7 36. Rxd7+ Kxd7 37. Ke3 Kd6 38. Ke4 0-1

[Event "Sao Paulo Freitas op 2nd"]
[Site "Sao Paulo"]
[Date "2016.04.16"]
[Round "4"]
[White "Yoshioka, Hugo"]
[Black "Da Fonseca, Julia Alves"]
[Result "1-0"]
[WhiteElo "1666"]
[BlackElo "1774"]
[PlyCount "71"]
[EventDate "2016.04.15"]
[EventType "swiss"]
[EventRounds "6"]
[EventCountry "BRA"]
[SourceTitle "CBM 171 Extra"]
[Source "ChessBase"]
[SourceDate "2016.04.26"]
[SourceVersion "1"]
[SourceVersionDate "2016.04.26"]
[SourceQuality "1"]

1. d4 d5 2. c4 e6 3. Nc3 Nf6 4. cxd5 exd5 5. Bg5 Be7 6. e3 Nbd7 7. Nf3 Bb4 8. Qb3 Bxc3+ 9. Qxc3 c6 10. Qc2 h6 11. Bh4 Qa5+ 12. Qd2 Qxd2+ 13. Nxd2 Ne4 14. Nxe4 dxe4 15. Bc4 0-0 16. 0-0 b5 17. Bb3 c5 18. Bd5 Rb8 19. dxc5 Nxc5 20. Be7 Re8 21. Bxc5 Bb7 22. Bxb7 Rxb7 23. Rac1 Rc8 24. Bd4 Rbc7 25. Rxc7 Rxc7 26. Rd1 Rd7 27. Kf1 a5 28. Ke2 a4 29. a3 f5 30. Rc1 g5 31. Rc5 f4 32. Rxb5 Rc7 33. Rc5 Rxc5 34. Bxc5 Kf7 35. exf4 gxf4 36. Bd6 1-0

[Event "Sao Paulo op-B U2050 4th"]
[Site "Sao Paulo"]
[Date "2016.03.27"]
[Round "7"]
[White "Yoshioka, Hugo"]
[Black "Takano, Nicholas Ryo"]
[Result "1/2-1/2"]
[WhiteElo "1720"]
[BlackElo "1570"]
[PlyCount "52"]
[EventDate "2016.03.24"]
[EventType "swiss"]
[EventRounds "7"]
[EventCountry "BRA"]
[SourceTitle "CBM 171 Extra"]
[Source "ChessBase"]
[SourceDate "2016.04.26"]
[SourceVersion "1"]
[SourceVersionDate "2016.04.26"]
[SourceQuality "1"]

1. d4 Nf6 2. c4 g6 3. Nf3 Bg7 4. Nc3 0-0 5. Bg5 d6 6. e3 c6 7. Be2 a6 8. 0-0 b5 9. c5 d5 10. b4 Bf5 11. Nd2 Nbd7 12. f4 Ne4 13. Ndxe4 Bxe4 14. Nxe4 dxe4 15. a4 Re8 16. axb5 axb5 17. Qb3 Nf6 18. Bxf6 Bxf6 19. Ra2 Rxa2 20. Qxa2 Bg7 21. Qb3 Qc7 22. Ra1 Qb7 23. Ra5 Ra8 24. Qa2 Rxa5 25. Qxa5 e6 26. Bd1 Qd7 1/2-1/2

[Event "Sao Paulo op-B U2050 4th"]
[Site "Sao Paulo"]
[Date "2016.03.25"]
[Round "2"]
[White "Ferreira Jr, Walter"]
[Black "Yoshioka, Hugo"]
[Result "1-0"]
[WhiteElo "1966"]
[BlackElo "1720"]
[PlyCount "107"]
[EventDate "2016.03.24"]
[EventType "swiss"]
[EventRounds "7"]
[EventCountry "BRA"]
[SourceTitle "CBM 171 Extra"]
[Source "ChessBase"]
[SourceDate "2016.04.26"]
[SourceVersion "1"]
[SourceVersionDate "2016.04.26"]
[SourceQuality "1"]

1. e4 d5 2. Nc3 dxe4 3. Nxe4 Bf5 4. Ng3 Bg6 5. Nf3 e6 6. d4 h6 7. Ne5 Bh7 8. Qf3 Nf6 9. Qxb7 Nbd7 10. Nc6 Qc8 11. Qxc8+ Rxc8 12. Nxa7 Rb8 13. c3 g5 14. Nc6 Rb6 15. Na5 Bg7 16. Nc4 Rb8 17. Be2 0-0 18. 0-0 Nd5 19. Re1 Rfd8 20. Bf3 N7f6 21. Ne5 Rb6 22. h3 Kf8 23. Ne4 Nxe4 24. Bxe4 Bxe4 25. Rxe4 Ke7 26. Nc4 Rbb8 27. g3 Rb5 28. Kg2 c5 29. a4 Rb7 30. Ne5 Rc7 31. Nf3 c4 32. Re1 Ra8 33. Nd2 Kf6 34. a5 Bf8 35. Ra4 Rac8 36. Ne4+ Kg6 37. Bd2 Rb7 38. Ra2 Rb3 39. a6 Rb5 40. a7 Nb6 41. Nc5 Ra8 42. Rea1 Bxc5 43. dxc5 Rxc5 44. Be3 Rb5 45. Bxb6 Rxb6 46. Ra4 Rxb2 47. Rb4 Rb3 48. Rxc4 Rb7 49. Rca4 Kf5 50. Kf3 Ke5 51. Ke3 Kd5 52. Kd3 Kc5 53. Ra6 Kd5 54. R1a5+ 1-0

[Event "Pocos de Caldas op"]
[Site "Pocos de Caldas"]
[Date "2016.02.27"]
[Round "3"]
[White "Yoshioka, Hugo"]
[Black "Chaves, Joara"]
[Result "0-1"]
[WhiteElo "1720"]
[BlackElo "1954"]
[PlyCount "112"]
[EventDate "2016.02.26"]
[EventType "swiss"]
[EventRounds "6"]
[EventCountry "BRA"]
[SourceTitle "EXT 2017"]
[Source "ChessBase"]
[SourceDate "2016.10.25"]
[SourceVersion "1"]
[SourceVersionDate "2016.10.25"]
[SourceQuality "1"]

1. d4 Nf6 2. c4 g6 3. Nf3 Bg7 4. Nc3 0-0 5. Bg5 d6 6. e3 c5 7. Be2 Nc6 8. d5 Nb8 9. 0-0 h6 10. Bh4 g5 11. Bg3 Nh5 12. Rc1 Nxg3 13. hxg3 Bf5 14. Nd2 Na6 15. e4 Bg6 16. f4 Bd4+ 17. Kh1 gxf4 18. gxf4 e5 19. g3 exf4 20. gxf4 Qh4+ 21. Kg2 Be3 22. Nf3 Qg4+ 23. Kh1 Bxf4 24. Rf2 Qh3+ 25. Nh2 Qe3 26. Rxf4 Qxf4 27. Bf3 Rfe8 28. Qc2 Re5 29. Re1 Qh4 30. Rg1 Rg5 31. Rf1 Re8 32. Qe2 Nc7 33. Re1 a6 34. a4 Kh7 35. Qd1 f5 36. e5 Na8 37. Re2 dxe5 38. d6 e4 39. Bg2 Bh5 40. d7 Rd8 41. Nd5 Bxe2 42. Qxe2 Rg7 43. Qf1 Qg5 44. Nf4 Rdxd7 45. Ne6 Qxg2+ 46. Qxg2 Rxg2 47. Kxg2 Rd2+ 48. Kg3 Rxb2 49. Nxc5 Rc2 50. Nxb7 Rxc4 51. a5 Kg6 52. Kf4 Rc2 53. Kg3 Kg5 54. Nf1 f4+ 55. Kh3 e3 56. Nh2 Rxh2+ 0-1

[Event "Matinhos Caioba-ch"]
[Site "Matinhos"]
[Date "2015.08.30"]
[Round "6"]
[White "Yoshioka, Hugo"]
[Black "Ogata, Edson Akio"]
[Result "0-1"]
[WhiteElo "1759"]
[BlackElo "2068"]
[PlyCount "94"]
[EventDate "2015.08.28"]
[EventType "swiss"]
[EventRounds "6"]
[EventCountry "BRA"]
[SourceTitle "EXT 2016"]
[Source "ChessBase"]
[SourceDate "2015.10.08"]
[SourceVersion "1"]
[SourceVersionDate "2015.10.08"]
[SourceQuality "1"]

1. d4 f5 2. c4 Nf6 3. Nc3 d6 4. Bg5 Nbd7 5. e3 g6 6. Nf3 Bg7 7. Be2 0-0 8. 0-0 h6 9. Bh4 e5 10. h3 c6 11. Qb3 Kh7 12. Rfd1 Re8 13. Rac1 e4 14. Nd2 Qb6 15. c5 dxc5 16. dxc5 Nxc5 17. Qxb6 axb6 18. Nc4 Ncd7 19. Bxf6 Bxf6 20. Nd6 Rd8 21. Bc4 Ne5 22. Be2 b5 23. a3 Be7 24. Nxc8 Raxc8 25. b4 Kg7 26. Nb1 Kf7 27. Nd2 Ra8 28. Ra1 Bxb4 29. Nb1 Rxd1+ 30. Bxd1 Ke7 31. Kf1 Nc4 32. Ke2 Nxa3 33. Nxa3 Rxa3 34. Rxa3 Bxa3 35. Kd2 Bb4+ 36. Ke2 c5 37. f3 Kd6 38. Bc2 Ke5 39. fxe4 fxe4 40. g4 g5 41. Bb3 c4 42. Bc2 Bc3 43. Bb1 b4 44. Kd1 b3 45. Kc1 b5 46. Kd1 Ba5 47. Ke2 c3 0-1

[Event "Sao Bernardo do Campo LXSBC op 2nd"]
[Site "Sao Bernardo do Campo"]
[Date "2015.07.26"]
[Round "5"]
[White "Yoshioka, Hugo"]
[Black "Zampronha, Wladimir Camilo"]
[Result "0-1"]
[WhiteElo "1571"]
[BlackElo "2181"]
[PlyCount "100"]
[EventDate "2015.07.24"]
[EventType "swiss"]
[EventRounds "6"]
[EventCountry "BRA"]
[SourceTitle "EXT 2016"]
[Source "ChessBase"]
[SourceDate "2015.10.08"]
[SourceVersion "1"]
[SourceVersionDate "2015.10.08"]
[SourceQuality "1"]

1. d4 d5 2. c4 dxc4 3. Nf3 a6 4. e3 Nf6 5. Bxc4 e6 6. 0-0 b5 7. Be2 Nbd7 8. Nc3 Bb7 9. Bd2 c5 10. Rc1 Be7 11. h3 0-0 12. Qb3 Qb6 13. Rfd1 Rac8 14. Be1 cxd4 15. Rxd4 Rc7 16. a3 Rfc8 17. Rdd1 Nd5 18. Bd2 Nc5 19. Qa2 Nxc3 20. Bxc3 Bd5 21. Qb1 Qb7 22. Be5 Rd7 23. b4 Na4 24. Rxc8+ Qxc8 25. e4 Bb7 26. Rxd7 Qxd7 27. Qc2 f6 28. Bd4 Qc6 29. Qxc6 Bxc6 30. Nd2 e5 31. Be3 a5 32. bxa5 Bxa3 33. f3 Kf7 34. Nb3 Ke7 35. a6 Kd6 36. Kf1 Nc5 37. Na5 Nxa6 38. Nxc6 Kxc6 39. Ke1 Bc5 40. Bxc5 Kxc5 41. Kd2 Nc7 42. Kc3 Ne6 43. g3 g5 44. Bd1 h6 45. Be2 b4+ 46. Kd3 h5 47. Bf1 h4 48. gxh4 gxh4 49. Kc2 Ng5 50. Bg2 Kd4 0-1

[Event "Sao Bernardo do Campo LXSBC op 2nd"]
[Site "Sao Bernardo do Campo"]
[Date "2015.07.25"]
[Round "4"]
[White "Cadilhac, Igor Tokuichi Kikuc"]
[Black "Yoshioka, Hugo"]
[Result "1-0"]
[WhiteElo "2121"]
[BlackElo "1571"]
[PlyCount "71"]
[EventDate "2015.07.24"]
[EventType "swiss"]
[EventRounds "6"]
[EventCountry "BRA"]
[SourceTitle "EXT 2016"]
[Source "ChessBase"]
[SourceDate "2015.10.08"]
[SourceVersion "1"]
[SourceVersionDate "2015.10.08"]
[SourceQuality "1"]

1. e4 d5 2. exd5 Nf6 3. d4 Nxd5 4. Nf3 g6 5. c3 Bg7 6. Bd3 0-0 7. 0-0 Nc6 8. Re1 Re8 9. Bg5 h6 10. Bh4 g5 11. Bg3 Nf6 12. Ne5 Nxe5 13. dxe5 Nh7 14. Qf3 c6 15. Na3 Be6 16. Rad1 Qb6 17. Nc4 Qc7 18. Ne3 Bxe5 19. Bxh7+ Kxh7 20. Qe4+ Kg8 21. Bxe5 Qc8 22. h4 f5 23. Qf3 g4 24. Qf4 Kh7 25. Rd2 Rf8 26. c4 Qe8 27. Bc3 Qg6 28. g3 Rae8 29. Nc2 c5 30. Rde2 Bf7 31. Rxe7 Rxe7 32. Rxe7 Rd8 33. Qc7 Rf8 34. Ne3 a6 35. Nd5 b5 36. h5 1-0

[Event "Florianopolis Cordioli Memorial"]
[Site "Florianopolis"]
[Date "2015.07.04"]
[Round "4"]
[White "Dos Santos, Haroldo Cunha Jr"]
[Black "Yoshioka, Hugo"]
[Result "1-0"]
[WhiteElo "2164"]
[BlackElo "1571"]
[PlyCount "103"]
[EventDate "2015.07.03"]
[EventType "swiss"]
[EventRounds "7"]
[EventCountry "BRA"]
[SourceTitle "EXT 2016"]
[Source "ChessBase"]
[SourceDate "2015.10.08"]
[SourceVersion "1"]
[SourceVersionDate "2015.10.08"]
[SourceQuality "1"]

1. d4 d5 2. Nf3 Bf5 3. c4 e6 4. Nc3 c6 5. Qb3 Qc8 6. Bf4 Nf6 7. Rc1 a6 8. cxd5 exd5 9. e3 Be7 10. Ne5 0-0 11. Be2 Nbd7 12. 0-0 Ne4 13. Nxd5 Bd8 14. Rfd1 Be6 15. Bc4 Nxe5 16. dxe5 b5 17. Nf6+ gxf6 18. Bxe6 Qxe6 19. Qxe6 fxe6 20. Bh6 Re8 21. Rxc6 fxe5 22. Rd7 Re7 23. Rxe7 Bxe7 24. Rxe6 Rd8 25. g3 Bd6 26. f4 Kf7 27. f5 Nc5 28. Bg5 Rd7 29. Rh6 Kg8 30. h4 Bf8 31. Rc6 Rd1+ 32. Kg2 Rd2+ 33. Kh3 Rxb2 34. Rc8 Rxa2 35. Bh6 Nd7 36. Rd8 Rd2 37. Bxf8 Kf7 38. Bb4 Rd3 39. h5 Kf6 40. Kg4 e4 41. Kf4 Rd1 42. g4 Rf1+ 43. Kxe4 Rd1 44. Bc3+ Kf7 45. Rh8 Nf6+ 46. Bxf6 Kxf6 47. Rxh7 b4 48. Rh6+ Kg5 49. Rg6+ Kh4 50. h6 b3 51. h7 Rd8 52. Kf3 1-0

[Event "Florianopolis Cordioli Memorial"]
[Site "Florianopolis"]
[Date "2015.07.03"]
[Round "2"]
[White "Boff, Andre Ricardo"]
[Black "Yoshioka, Hugo"]
[Result "1-0"]
[WhiteElo "1947"]
[BlackElo "1571"]
[PlyCount "67"]
[EventDate "2015.07.03"]
[EventType "swiss"]
[EventRounds "7"]
[EventCountry "BRA"]
[SourceTitle "EXT 2016"]
[Source "ChessBase"]
[SourceDate "2015.10.08"]
[SourceVersion "1"]
[SourceVersionDate "2015.10.08"]
[SourceQuality "1"]

1. d4 d5 2. Nf3 Bf5 3. e3 e6 4. c4 c6 5. Be2 Nf6 6. 0-0 Be7 7. b3 0-0 8. Bb2 Nbd7 9. Nc3 Ne4 10. Na4 h6 11. Rc1 Re8 12. a3 a6 13. c5 Kh7 14. b4 g5 15. Nd2 Ndf6 16. Nxe4 Nxe4 17. f3 Nf6 18. Bd3 Bxd3 19. Qxd3+ Kh8 20. e4 Qc7 21. Qe3 Bf8 22. g4 Bg7 23. e5 Nh7 24. f4 Rad8 25. Rc2 Qe7 26. f5 Qc7 27. f6 Bf8 28. h4 a5 29. Rh2 axb4 30. axb4 Ra8 31. Nc3 b6 32. hxg5 Nxg5 33. Qxg5 Kh7 34. Bc1 1-0

[Event "Sao Paulo Hebraica op 20th"]
[Site "Sao Paulo"]
[Date "2015.06.05"]
[Round "4"]
[White "Minelli, Fausto"]
[Black "Yoshioka, Hugo"]
[Result "1-0"]
[WhiteElo "1902"]
[BlackElo "1571"]
[PlyCount "81"]
[EventDate "2015.06.04"]
[EventType "swiss"]
[EventRounds "6"]
[EventCountry "BRA"]
[SourceTitle "CBM 166 Extra"]
[Source "ChessBase"]
[SourceDate "2015.06.18"]
[SourceVersion "1"]
[SourceVersionDate "2015.06.18"]
[SourceQuality "1"]

1. d4 d5 2. Nf3 Bf5 3. e3 e6 4. Bd3 Bxd3 5. Qxd3 Nf6 6. Qb5+ Nbd7 7. Qxb7 Bd6 8. 0-0 0-0 9. Nc3 Nh5 10. e4 Nb6 11. e5 Be7 12. g4 Nf6 13. exf6 Bxf6 14. Bf4 Rc8 15. Qc6 Nc4 16. b3 Nb6 17. a4 Be7 18. a5 Nd7 19. Nb5 Nb8 20. Qc3 Na6 21. Nxa7 Ra8 22. Nc6 Qd7 23. Nxe7+ Qxe7 24. Rfe1 h6 25. Ne5 g5 26. Bg3 Rfc8 27. Nc6 Qe8 28. b4 Nb8 29. Nxb8 Raxb8 30. Qd2 Qe7 31. c3 Ra8 32. Qe2 Qd7 33. Be5 f5 34. gxf5 exf5 35. Qh5 Qh7 36. Bf6 Rf8 37. Re7 Rf7 38. Rae1 Raf8 39. Rxf7 Rxf7 40. Re8+ Rf8 41. a6 1-0

[Event "BRA-ch Amateur"]
[Site "Sao Paulo"]
[Date "2015.04.30"]
[Round "1"]
[White "Yoshioka, Hugo"]
[Black "Cordioli, Jairo Ribeiro"]
[Result "0-1"]
[WhiteElo "1578"]
[BlackElo "1945"]
[PlyCount "114"]
[EventDate "2015.04.30"]
[EventType "swiss"]
[EventRounds "7"]
[EventCountry "BRA"]
[SourceTitle "EXT 2022"]
[Source "ChessBase"]
[SourceDate "2021.10.06"]
[SourceVersion "1"]
[SourceVersionDate "2021.10.06"]
[SourceQuality "1"]

1. d4 Nf6 2. c4 g6 3. Nf3 Bg7 4. Nc3 0-0 5. Bg5 c5 6. e3 cxd4 7. Nxd4 Nc6 8. Be2 d6 9. 0-0 a6 10. Rc1 Re8 11. a3 Bd7 12. b4 Nxd4 13. exd4 Rc8 14. c5 dxc5 15. dxc5 Bc6 16. Qb3 b5 17. Rfd1 Qc7 18. h3 Qb7 19. f3 e5 20. Rd6 Nh5 21. Nd5 Bf8 22. Nf6+ Nxf6 23. Rxf6 h6 24. Rxg6+ Kh7 25. Rxc6 Rxc6 26. Bd3+ e4 27. Bxe4+ Rxe4 28. fxe4 hxg5 29. Qd5 f6 30. Qf5+ Kg7 31. Rd1 Rc7 32. Rf1 Be7 33. e5 Qc6 34. e6 Rc8 35. Rd1 Rd8 36. Rd7 Rxd7 37. exd7 Kf7 38. Kf2 Bd8 39. g4 Kg7 40. Kg3 Bc7+ 41. Kf2 Bd8 42. Kg3 Qh1 43. Qd3 Qg1+ 44. Kf3 Qh2 45. Ke4 Qf4+ 46. Kd5 Qe5+ 47. Kc6 Qc7+ 48. Kd5 Qxd7+ 49. Ke4 Qxd3+ 50. Kxd3 Kf7 51. Kd4 Ke6 52. Ke4 Bc7 53. Kd4 Be5+ 54. Ke4 Bb2 55. c6 Kd6 56. Kf5 Kxc6 57. Ke6 Bc3 0-1

[Event "Campinas Fazer op"]
[Site "Campinas"]
[Date "2015.03.22"]
[Round "6"]
[White "Yoshioka, Andre"]
[Black "Yoshioka, Hugo"]
[Result "1-0"]
[WhiteElo "1754"]
[BlackElo "1578"]
[PlyCount "35"]
[EventDate "2015.03.20"]
[EventType "swiss"]
[EventRounds "6"]
[EventCountry "BRA"]
[SourceTitle "EXT 2018"]
[Source "ChessBase"]
[SourceDate "2017.10.13"]
[SourceVersion "1"]
[SourceVersionDate "2017.10.13"]
[SourceQuality "1"]

1. d4 d5 2. c4 Bf5 3. cxd5 Bxb1 4. Qa4+ c6 5. Rxb1 Qxd5 6. f3 e6 7. e4 Qd8 8. Bd3 Nf6 9. Ne2 Be7 10. 0-0 0-0 11. Qc2 h6 12. Be3 Nbd7 13. Qd2 Rc8 14. e5 Nd5 15. Bxh6 gxh6 16. Qxh6 Re8 17. Qh7+ Kf8 18. Qh8# 1-0